00331nam a22001097a 4500082001200000100005200012245005200064250002000116260005000136300000800186650002700194 a628 SUS aSustainable Use of Water Resources in Sri Lanka aSustainable Use of Water Resources in Sri Lanka aSeminar Reports aColombobInstitiute of Chemistry Ceylonc2007 a104 aWateraseminar reports